000 00774nam a22002537a 4500
003 OSt
005 20150408114217.0
008 140514s2013 enka g b 001 0 eng d
020 _a9780230361690
040 _aMa-Un
082 0 4 _222
_a425
_bABE
100 1 _aAarts, Bas,
_d1961-
_945033
245 1 0 _aEnglish syntax and argumentation /
_cBas Aarts.
250 _a4th ed.
260 _aBasingstoke :
_bPalgrave,
_c2013.
300 _axv, 341 p. :
_bill. ;
_c24 cm.
490 1 _aModern linguistics series
504 _aIncludes bibliographical references and index.
650 _aEnglish language
_xSyntax
_944935
650 _aEnglish language
_xSemantics
650 _aPersuasion (Rhetoric)
_945034
830 0 _aModern linguistics series
_945035
942 _2ddc
_cBOOK
999 _c35040
_d269540